| 000 | 00474nam a2200169 i 4500 | ||
|---|---|---|---|
| 001 | 34241 | ||
| 003 | ES-MaACL | ||
| 005 | 20230906154911.0 | ||
| 007 | t| | ||
| 008 | 030204s1969 sp ||||1| spa d | ||
| 100 | 1 |
_aBodin, Yvon. _929709 |
|
| 245 | 1 | 3 |
_aEl servicio de la Religiosa en la nueva Iglesia / _cYvon Bodin, J. Pihan. |
| 260 |
_aBilbao : _bMensajero, _c1969. |
||
| 300 |
_a133 p. ; _c20 cm. |
||
| 700 | 1 |
_aPihan, J. _992008 |
|
| 852 |
_aES-MaACL _jC-50984 _bR.71217 |
||
| 999 |
_c34241 _d34241 |
||